书目信息 |
| 题名: |
化学发光基础理论与应用
|
|
| 作者: | 林金明 编著 | |
| 分册: | ||
| 出版信息: | 北京 化学工业出版社 2004 |
|
| 页数: | 309页 | |
| 开本: | 20cm | |
| 丛书名: | ||
| 单 册: | ||
| 中图分类: | O482.3 | |
| 科图分类: | ||
| 主题词: | 化学发光--研究 , 化学发光 | |
| 电子资源: | ||
| ISBN: | 7-5025-5521-8 | |
| 000 | 00931nam0 2200265 450 | |
| 001 | 002693747 | |
| 005 | 20080303091125.18 | |
| 010 | @a7-5025-5521-8@dCNY25.00 | |
| 100 | @a20040802d2004 em y0chiy0110 ea | |
| 101 | 0 | @achi |
| 102 | @aCN@b110000 | |
| 105 | @ay z 000yy | |
| 106 | @ar | |
| 200 | 1 | @a化学发光基础理论与应用@Ahua xue fa guang ji chu li lun yu ying yong@f林金明编著 |
| 210 | @a北京@c化学工业出版社@d2004 | |
| 215 | @a309页@d20cm | |
| 300 | @a国家自然科学基金资助出版 | |
| 330 | @a该书共11章,侧重于总结化学发光的理论研究,内容包括:总论;鲁米诺、过氧化草酸酯、高锰酸钾和四价铈等四种最常用化学发光试剂的化学发光研究与应用概况;活性氧的化学发光研究等。 | |
| 510 | 1 | @aChemiluminescence-Basic Principles and Applications@zeng |
| 606 | 0 | @a化学发光@x研究 |
| 606 | 0 | @a化学发光 |
| 690 | @aO482.3@v4 | |
| 701 | 0 | @a林金明@Alin jin ming@c(化学)@4编著 |
| 801 | 0 | @aCN@bNLC@c20080303 |
| 905 | @dO482.3@e47@f4 | |
| 化学发光基础理论与应用/林金明编著.-北京:化学工业出版社,2004 |
| 309页;20cm |
| 国家自然科学基金资助出版 |
| ISBN 7-5025-5521-8:CNY25.00 |
| 该书共11章,侧重于总结化学发光的理论研究,内容包括:总论;鲁米诺、过氧化草酸酯、高锰酸钾和四价铈等四种最常用化学发光试剂的化学发光研究与应用概况;活性氧的化学发光研究等。 |
| ● |
| 相关链接 |
|
|
|
|
正题名:化学发光基础理论与应用
索取号:O482.3/47
 
预约/预借
| 序号 | 登录号 | 条形码 | 馆藏地/架位号 | 状态 | 备注 |
| 1 | 0614657 | 206146570 | 第二样本阅览室/ [索取号:O482.3/47] | 在馆 | |
| 2 | 0614658 | 206146589 | 第三借阅区/ [索取号:O482.3/47] | 在馆 | |
| 3 | 0614659 | 206146598 | 第三借阅区/ [索取号:O482.3/47] | 在馆 | |
| 4 | 0614660 | 206146605 | 第三借阅区/ [索取号:O482.3/47] | 在馆 |